Maisons de l'univers de Game of Thrones (Version hardcore) - Statistiques

Statistiques générales
  • Ce quiz a été pris 66 fois
  • Le résultat moyen est 27 sur 148
Statistiques - réponses
Par images Réponse % Correct
Baratheon
100%
Bolton
97%
Stark
97%
Targaryen
93%
Tully
93%
Arryn
90%
Lannister
90%
Mormont
90%
Tyrell
83%
Baelish
80%
Frey
77%
Greyjoy
77%
Martell
73%
Clegane
70%
Karstark
63%
Tarly
63%
Hightower
57%
Velaryon
50%
Selmy
47%
Dayne
43%
Reed
43%
Glover
40%
Omble
40%
Torth
40%
Manderly
37%
Mervault
37%
Dondarrion
33%
Payne
30%
Baratheon de Peyredragon
27%
Bronn
27%
Royce
27%
Celtigar
23%
Florent
23%
Thorne
23%
Cerwyn
20%
Feunoyr
20%
Mallister
20%
Redwyne
20%
Trant
20%
Bar Emmon
17%
Bracken
17%
Cendregué
17%
Corbray
17%
Fossovoie
17%
Mouton
17%
Reyne
17%
Cargyll
13%
Corbois
13%
Jardinier
13%
Nerbosc
13%
Swann
13%
Tallhart
13%
Whent
13%
Allyrion
10%
Belmore
10%
Cassel
10%
Caswell
10%
Cole
10%
Connington
10%
Crakehall
10%
Darry
10%
Durrandon
10%
Dustin
10%
Essaims
10%
Estremont
10%
Fort
10%
Massey
10%
Ouestrelin
10%
Rouvre
10%
Slynt
10%
Tarbeck
10%
Uller
10%
Vanbois
10%
Wylde
10%
Blount
7%
Caron
7%
Castelfoyer
7%
Chenu
7%
Ferboys
7%
Forestier
7%
Forrest
7%
Harloi
7%
Lefford
7%
Marpheux
7%
Merryweather
7%
Noirmont
7%
Penrose
7%
Qorgyle
7%
Rhysling
7%
Santagar
7%
Sombrelyn
7%
Yarwick
7%
Alluve
3%
Bonfrère
3%
Bonleu
3%
Botley
3%
Brune
3%
Bulwer
3%
Cossepois
3%
Dalt
3%
Gargalen
3%
Gaunt
3%
Grandison
3%
Hollard
3%
Jordayne
3%
Kenning
3%
Lorch
3%
Mollen
3%
Moore
3%
Morrigen
3%
Qoherys
3%
Sarschamp
3%
Staunton
3%
Swyft
3%
Tallett
3%
Tourelles
3%
Veneur
3%
Whitehill
3%
Chelsted
0%
Cuy
0%
Egen
0%
Errol
0%
Fell
0%
Foin
0%
Greyfer
0%
Herpivoie
0%
Lonbec
0%
Lothston
0%
Lynderly
0%
Mazin
0%
Merlyn
0%
Milopin
0%
Mossegonde
0%
Mullendore
0%
Noirmarées
0%
Petibois
0%
Piquemèche
0%
Poole
0%
Rosby
0%
Rowan
0%
Rykker
0%
Ryswell
0%
Serrett
0%
Solverre
0%
Sparr
0%
Tignac
0%
Timbal
0%
Verchamps
0%
Aucun quiz correspondant
Distribution des résultats
% des personnes avec chaque résultat
Percentile par nombre de réponses
Votre historique - résultats
Vous n’avez pas pris ce quiz